[Event "Victoria op 4th"]
[Site "Victoria"]
[Date "2010.04.04"]
[Round "4"]
[White "Radic, Dejan"]
[Black "Geng, Tian Tian"]
[Result "1/2-1/2"]
[WhiteElo "1500"]
[BlackElo "1783"]
[PlyCount "83"]
[EventDate "2010.04.02"]
[EventType "swiss"]
[EventRounds "6"]
[EventCountry "CAN"]
[SourceTitle "CBM 135 Extra"]
[Source "ChessBase"]
[SourceDate "2010.05.04"]
[SourceVersion "1"]
[SourceVersionDate "2010.05.04"]
[SourceQuality "1"]

1. e4 c5 2. Nc3 Nc6 3. f4 g6 4. Nf3 Bg7 5. Bb5 d6 6. 0-0 Bd7 7. Bxc6 Bxc6 8. d3 Nf6 9. Qe1 0-0 10. Qh4 h6 11. Ne2 Nh7 12. g4 e5 13. g5 exf4 14. Bxf4 Bxb2 15. Rab1 Bg7 16. Qg3 Re8 17. gxh6 Bf8 18. Ng5 Be7 19. Nxh7 Kxh7 20. Bxd6 Qxd6 21. Rxf7+ Kh8 22. Rbf1 Qxg3+ 23. hxg3 Bf8 24. Nf4 Bxh6 25. Nxg6+ Kg8 26. Rc7 Re6 27. Ne7+ Kh8 28. Rf7 Rf8 29. Nxc6 Rxf7 30. Rxf7 Rxc6 31. Rxb7 Ra6 32. Kg2 Rxa2 33. Kf3 a5 34. Ra7 Bd2 35. Kg4 Rxc2 36. Kf5 Rb2 37. Kg6 Rb6+ 38. Kf5 Rd6 39. e5 Rxd3 40. g4 Rf3+ 41. Kg6 Rf8 42. Rh7+ 1/2-1/2